Planning gain supplement - what are the UK's plans? (Record no. 76991)

MARC details
000 -LEADER
fixed length control field 01149cab a2200229 4500
001 - CONTROL NUMBER
control field ##L133416
008 - FIXED-LENGTH DATA ELEMENTS--GENERAL INFORMATION
fixed length control field 060508n2006 000 0 eng u
035 ## - SYSTEM CONTROL NUMBER
System control number (Sirsi) u133416
041 0# - LANGUAGE CODE
Language code of text/sound track or separate title eng
100 1# - MAIN ENTRY--PERSONAL NAME
Personal name Vernon, Richard
245 ## - TITLE STATEMENT
Title Planning gain supplement - what are the UK's plans?
260 ## - PUBLICATION, DISTRIBUTION, ETC.
Date of publication, distribution, etc. 2006
490 ## - SERIES STATEMENT
Series statement RICS Website News
Volume/sequential designation 3 March 2006
520 ## - SUMMARY, ETC.
Summary, etc. Summarises the key Planning Gain Supplement proposals (PGS) and highlights a number of important matters left unanswered at the end of the PGS consultation period ((L132415). Covers how PGS will be calculated, what it will cost, when and how it will be paid, how the money be used, when it will be introduced, what its current impact is, who should take the hit and the mitigation of the impact of PGS.
650 ## - SUBJECT ADDED ENTRY--TOPICAL TERM
Topical term or geographic name entry element PLANNING GAIN SUPPLEMENT
690 ## - LOCAL SUBJECT ADDED ENTRY--TOPICAL TERM (OCLC, RLIN)
Topical term or geographic name as entry element ENVIRONMENTAL AND LAND CONSULTANCY-PLANNING AND DEVELOPMENT-PLANNING REFORM
700 1# - ADDED ENTRY--PERSONAL NAME
Personal name Curnow, Tony
700 1# - ADDED ENTRY--PERSONAL NAME
Personal name Allen, Patricia
710 2# - ADDED ENTRY--CORPORATE NAME
Corporate name or jurisdiction name as entry element Ashurst
9 (RLIN) 4924
856 40 - ELECTRONIC LOCATION AND ACCESS
Uniform Resource Identifier <a href="https://www.rics.org/RICSWEB/getpage.aspx?p=ArzSjpuuK06FXwlw8FLJnA ">https://www.rics.org/RICSWEB/getpage.aspx?p=ArzSjpuuK06FXwlw8FLJnA </a>
Public note View the article free of charge at www.rics.org....
942 ## - ADDED ENTRY ELEMENTS (KOHA)
Suppress in OPAC 0
Holdings
Withdrawn status Lost status Source of classification or shelving scheme Damaged status Not for loan Home library Current library Shelving location Date acquired Total Checkouts Full call number Barcode Date last seen Copy number Price effective from Koha item type
    Dewey Decimal Classification     Virtual Virtual Online 08/05/2006   ONLINE PUBLICATION 133416-2001 06/08/2019 1 06/08/2019 Journal article